LEADER 02084nam0 22004693i 450 001 VAN0157093 005 20230614084553.188 017 70$2N$a9783662528594 100 $a20210607d2016 |0itac50 ba 101 $aeng 102 $aDE 105 $a|||| ||||| 200 1 $aAstrophysics of Black Holes$efrom Fundamental Aspects to Latest Developments$fCosimo Bambi editor 210 $aBerlin$aHeidelberg$cSpringer$d2016 215 $axi, 214 p.$cill.$d24 cm 410 1$1001VAN0035376$12001 $aAstrophysics and space science library$1210 $aDordrecht$cKluwer$1300 $aL'editore varia in: Berlin : Springer$v440 500 1$3VAN0157094$aAstrophysics of Black Holes : from Fundamental Aspects to Latest Developments$92513919 606 $a00A79 (77-XX)$xPhysics [MSC 2020]$3VANC023182$2MF 606 $a85-XX$xAstronomy and Astrophysics [MSC 2020]$3VANC023246$2MF 606 $a83C57$xBlack holes [MSC 2020]$3VANC023271$2MF 606 $a83Cxx$xGeneral relativity [MSC 2020]$3VANC023561$2MF 606 $a83Fxx$xCosmology [MSC 2020]$3VANC023580$2MF 610 $aAccretion Disks$9KW:K 610 $aBlack Hole Spin$9KW:K 610 $aBlack Holes Lectures$9KW:K 610 $aContinuous Jet$9KW:K 610 $aGravitational Collapse$9KW:K 610 $aGravitational Waves$9KW:K 610 $aJets and Outflows$9KW:K 610 $aX-ray Binaries$9KW:K 620 $dBerlin$3VANL000066 620 $aDE$dHeidelberg$3VANL000282 702 1$aBambi$bCosimo$3VANV140558 712 $aSpringer $3VANV108073$4650 801 $aIT$bSOL$c20240614$gRICA 856 4 $uhttp://doi.org/10.1007/978-3-662-52859-4$zEbook - Accesso al full text attraverso riconoscimento indirizzo IP di Ateneo 899 $aBIBLIOTECA DEL DIPARTIMENTO DI MATEMATICA E FISICA$1IT-CE0120$2VAN08 912 $fN 912 $aVAN0157093 950 $aBIBLIOTECA DEL DIPARTIMENTO DI MATEMATICA E FISICA$d08CONS e-book 2591 $e08eMF2591 20210607 996 $aAstrophysics of Black Holes$92513919 997 $aUNICAMPANIA LEADER 02155nam0 22005293i 450 001 VAN0275326 005 20240618124520.491 017 70$2N$a9783030516697 100 $a20240423d2021 |0itac50 ba 101 $aeng 102 $aCH 105 $a|||| ||||| 200 1 $aSymmetry$eA Mathematical Exploration$fKristopher Tapp 205 $a2. ed 210 $aCham$cSpringer$d2021 215 $axii, 259 p.$cill.$d24 cm 410 1$1001VAN0124840$12001 $aTexts for Quantitative Critical Thinking$1210 $aCham [etc.]$cSpringer 606 $a00A05$xMathematics in general [MSC 2020]$3VANC021796$2MF 606 $a20C33$xRepresentations of finite groups of Lie type [MSC 2020]$3VANC024086$2MF 606 $a20G45$xApplications of linear algebraic groups to the sciences [MSC 2020]$3VANC037828$2MF 610 $aAlternating group$9KW:K 610 $aBorder pattern$9KW:K 610 $aCayley table$9KW:K 610 $aChirality$9KW:K 610 $aEuclidean spaces$9KW:K 610 $aEuler characteristic$9KW:K 610 $aGeometry for liberal arts$9KW:K 610 $aGroup theory for liberal arts$9KW:K 610 $aMathematical symmetry$9KW:K 610 $aPlatonic solid$9KW:K 610 $aPrime numbers for liberal arts$9KW:K 610 $aPythagorean Theorem for liberal arts$9KW:K 610 $aSymmetry for liberal arts$9KW:K 610 $aSymmetry group$9KW:K 610 $aSymmetry video$9KW:K 610 $aWallpaper group$9KW:K 620 $aCH$dCham$3VANL001889 700 1$aTapp$bKristopher$3VANV088687$0755882 712 $aSpringer $3VANV108073$4650 801 $aIT$bSOL$c20240621$gRICA 856 4 $uhttps://doi.org/10.1007/978-3-030-51669-7$zE-book ? Accesso al full-text attraverso riconoscimento IP di Ateneo, proxy e/o Shibboleth 899 $aBIBLIOTECA DEL DIPARTIMENTO DI MATEMATICA E FISICA$1IT-CE0120$2VAN08 912 $fN 912 $aVAN0275326 950 $aBIBLIOTECA DEL DIPARTIMENTO DI MATEMATICA E FISICA$d08CONS e-book 8431 $e08eMF8431 20240503 996 $aSymmetry$92066363 997 $aUNICAMPANIA